Clubes da série B de 2022 - Statistics

Estatísticas Gerais
  • Esse quiz foi jogado 83 vezes
  • A pontuação média é 15 de 20
Estatísticas das Respostas
Clubes % Correto
Cruzeiro
97%
Vasco
96%
Grêmio
90%
Bahia
89%
Sport
85%
CSA
79%
Criciuma
78%
Guarani
78%
Chapecoense
77%
CRB
77%
Ituano
75%
Londrina
71%
Nautico
71%
Ponte Preta
68%
Brusque
66%
Operário
66%
Sampaio Correa
66%
Novorizontino
64%
Vila Nova
58%
Tombense
51%
Nenhum quiz correspondente encontrado
Distribuição das Pontuações
Porcentagem de Pessoas com Cada Pontuação
Percentil de Números Respondidos
Sua Pontuação Histórica
Você não jogou esse quiz